Méchants du Cinéma - Statistiques

Statistiques générales
  • Ce quiz a été pris 677 fois
  • Le résultat moyen est 12 sur 15
Statistiques - réponses
Par images Réponse % Correct
Dark Vador
100%
Joker
97%
Voldemort
96%
Pennywise
93%
Chucky
92%
Godzilla
89%
Thanos
87%
Xénomorphe
86%
Frankenstein
83%
The Terminator
81%
Hannibal Lecter
77%
Freddy Krueger
75%
The Predator
67%
Jason Voorhees
61%
Agent Smith
41%
Aucun quiz correspondant
Distribution des résultats
% des personnes avec chaque résultat
Percentile par nombre de réponses
Votre historique - résultats
Vous n’avez pas pris ce quiz